LEADER 03995nam 22006255 450 001 9910136604303321 005 20200706032913.0 024 7 $a10.1007/978-981-10-0351-6 035 $a(CKB)3710000000902992 035 $a(EBL)4717304 035 $a(DE-He213)978-981-10-0351-6 035 $a(MiAaPQ)EBC4717304 035 $a(PPN)196321182 035 $a(EXLCZ)993710000000902992 100 $a20161012d2017 u| 0 101 0 $aeng 135 $aur|n|---||||| 181 $ctxt$2rdacontent 182 $cc$2rdamedia 183 $acr$2rdacarrier 200 10$aAllergy and Immunotoxicology in Occupational Health /$fedited by Takemi Otsuki, Claudia Petrarca, Mario Di Gioacchino 205 $a1st ed. 2017. 210 1$aSingapore :$cSpringer Singapore :$cImprint: Springer,$d2017. 215 $a1 online resource (159 p.) 225 1 $aCurrent Topics in Environmental Health and Preventive Medicine,$x2364-8333 300 $aDescription based upon print version of record. 311 $a981-10-0349-1 311 $a981-10-0351-3 327 $aChapter 1: Suppressive effects of asbestos exposure on the human immune surveillance system -- Chapter 2: Silica-induced immunotoxicity: chronic and aberrant activation of immune cells -- Chapter 3: Engineered nano materials and allergy -- Chapter 4: Allergens in Occupational Allergy: Prevention and Management. Focus on Asthma -- Chapter 5: Particulate-driven type-2 immunity and allergic responses -- Chapter 6: Traditional and Emerging Occupational Asthma?OA?in Japan -- Chapter7: Skin sensitization model based on only animal data by qualitative structure-toxicity relationships (QSTR) approach -- Chapter 8: Non-industrial indoor environments and work-related asthma, a review -- Chapter 9: Combined effect on Immune and Nervous System of Aluminum Nanoparticles -- Chapter 10: Non Pulmorary Effects of Isocianates -- Chapter 11: Skin Exposure to Nanoparticles. ><. 330 $aThis book offers a collection of the latest clinical and research findings related to allergies, one of the most frequently treated conditions in occupational medicine. The chapters not only cover asthma but also elaborate on contact dermatitis, rhinitis, and other allergic conditions, providing readers with a comprehensive overview of the substances disrupting autoimmunity and their effects on the human body. Allergy and Immunotoxicology in Occupational Health is a valuable resource for professionals and researchers in the occupational health sector, who will discover novel insights into immune effects, providing a foundation for future considerations of the health impairments caused by environmental and occupational exposure to these substances. 410 0$aCurrent Topics in Environmental Health and Preventive Medicine,$x2364-8333 606 $aPublic health 606 $aImmunology 606 $aPharmacology 606 $aAllergy 606 $aPublic Health$3https://scigraph.springernature.com/ontologies/product-market-codes/H27002 606 $aImmunology$3https://scigraph.springernature.com/ontologies/product-market-codes/B14000 606 $aPharmacology/Toxicology$3https://scigraph.springernature.com/ontologies/product-market-codes/B21007 606 $aAllergology$3https://scigraph.springernature.com/ontologies/product-market-codes/H11009 615 0$aPublic health. 615 0$aImmunology. 615 0$aPharmacology. 615 0$aAllergy. 615 14$aPublic Health. 615 24$aImmunology. 615 24$aPharmacology/Toxicology. 615 24$aAllergology. 676 $a610 702 $aOtsuki$b Takemi$4edt$4http://id.loc.gov/vocabulary/relators/edt 702 $aPetrarca$b Claudia$4edt$4http://id.loc.gov/vocabulary/relators/edt 702 $aDi Gioacchino$b Mario$4edt$4http://id.loc.gov/vocabulary/relators/edt 906 $aBOOK 912 $a9910136604303321 996 $aAllergy and Immunotoxicology in Occupational Health$91551253 997 $aUNINA LEADER 02682nam 2200385zu 450 001 9910768400203321 005 20251001080001 010 $a2-11-172449-1 035 $a(CKB)29361717400041 035 $a(FR-PaCSA)88973559 035 $a(FRCYB88973559)88973559 035 $a(NjHacI)9929361717400041 035 $a(EXLCZ)9929361717400041 100 $a20251008d2023 u| | 101 0 $afre 135 $aur||||||||||| 181 $ctxt$2rdacontent 182 $cc$2rdamedia 183 $acr$2rdacarrier 200 13$aLes femmes dans l?enseignement supérieur $eune (r)évolution inachevée. Groupe de travail sur l?enseignement supe?rieur (GTES) 210 1$aMarseille, France$cCereq$d2023 215 $a1 online resource (116 p.) 225 0 $aCéreq Échanges,$v21$x2554-2346. 311 08$a2-11-172446-7 330 $aLe groupe de travail sur l'enseignement supe?rieur (GTES) est un re?seau d'e?changes et de production sur les parcours de formation et d'insertion des inscrits dans l'enseignement supe?rieur. Il re?unit des charge?·es d'e?tudes du Ce?req, des chercheur·es et enseignant·es-chercheur·es, des repre?sentant·es de l'Observatoire national de la vie e?tudiante (OVE), des observatoires universitaires et re?gionaux et des membres de services du MESRI (DGESIP et SIES). Le the?me Enseignement supe?rieur et insertion, nouvelles re?partitions des publics a guide? les re?flexions et travaux du groupe, dont les re?sultats sont restitue?s dans trois ouvrages. Cet ouvrage rassemble des travaux relatifs a? la place des femmes dans l'enseignement supe?rieur. Alors qu'elles sont de?sormais plus diplo?me?es que les hommes, des se?gre?gations perdurent dans certaines formations et diplo?mes ou? la mixite? semble a? la peine. A? partir de donne?es d'enque?tes de terrain ou administratives, les contributions s'attardent sur les parcours des bachelie?res scientifiques, d'e?tudiantes en STAPS, de doctorantes et de femmes en reprises d'e?tudes. Les re?sultats et analyses re?ve?lent que la conciliation des temps sociaux (prive?s et professionnels), l'acce?s aux me?tiers et carrie?res affe?rents aux diplo?mes, les conditions d'e?tudes dans des filie?res ou? les hommes sont majoritaires conditionnent encore fortement les cursus post-baccalaure?at des femmes. 606 $aEducation, Higher 615 0$aEducation, Higher. 676 $a378 700 $aBeaupe?re$b Nathalie$01305781 702 $aÉrard$b Carine$f1975- 801 0$bFR-PaCSA 906 $aBOOK 912 $a9910768400203321 996 $aLes femmes dans l?enseignement supérieur$94470234 997 $aUNINA